000
00314nam a2200133Ia 4500
008
190216s9999||||xx |||||||||||||| ||und||
100
_a
K. Sankara Rao
245
0
_a
Numerical Methods For Scientists And Engineers
250
_a
I
260
_b
Phi
_c
2004
300
_a
274
650
_a
Mathe Matics
942
_c
BK
999
_c
32538
_d
32538